| 000 | 00580nam a22001937a 4500 | ||
|---|---|---|---|
| 003 | OSt | ||
| 005 | 20151111135336.0 | ||
| 008 | 151109b xxu||||| |||| 00| 0 eng d | ||
| 020 | _a0415184568 | ||
| 040 | _cDLMN | ||
| 082 | _aWY154 W866i 2000; | ||
| 100 |
_aWoodrow Philip; _96036 |
||
| 245 |
_aIntensive care Nursing; _b A framework for Practice; |
||
| 260 |
_aLondon Newyork _bROUTLEDGE Taylor and Francis Group; _c2000; |
||
| 300 |
_axvi,576; _bcol,ill; _c40cm |
||
| 504 | _aGlossary,References and index are included | ||
| 650 |
_aHealth science _96035 |
||
| 942 |
_2ddc _cSLOAN |
||
| 999 |
_c2464 _d2464 |
||